000 00418nam a2200169Ia 4500
008 230711s9999||||xx |||||||||||||| ||und||
041 _aENG
082 _a720
_bAS-C
100 _aAshurst,J
245 0 _aConservation of building and decorative stone
250 _a1st Ed.
260 _c1990
_aNew Delhi
_bButterworth-Heinemann Ltd
300 _a193
650 _aArchitecture
700 _aDimes.F. G
942 _cBK
999 _c2452
_d2452